000 00330nam a22001337a 4500
008 251216b |||||||| |||| 00| 0 eng d
020 _a9781119002253
082 _a58.40 COL
100 _aKnaflic, Cole Nussbaumer
245 _aStorytelling with Data
260 _aNew Jersey
_bWiley
_c2015
300 _axiii, 267p.
942 _cC
999 _c64819
_d64819